| 000 | 00879cab a2200265 4500 | ||
|---|---|---|---|
| 001 | ABS56551 | ||
| 008 | 090401t1997 xxu||||| |||| 00| 0 eng d | ||
| 035 | _a(Sirsi) u24469 | ||
| 041 | _aeng | ||
| 100 | _aChappell, D. | ||
| 245 | _aLegal round-up | ||
| 260 | _c1997 | ||
| 350 | _a0 | ||
| 490 |
_aArchitects` Journal _v20 February 1997, 50(1) |
||
| 520 | _aSummarises two contract cases; "Balfour Beatty Civil Engineering Ltd v Docklands Light Railway Ltd" and "Worksop Tarmacadam Co Ltd v Hannaby". | ||
| 650 | _aARBITRATION CLAUSES | ||
| 650 | _aBALFOUR BEATTY CIVIL ENGINEERING LTD V DOCKLANDS LIGHT RAILWAY LTD | ||
| 650 | _aCONTRACT CLAUSES | ||
| 650 | _aCONTRACTORS | ||
| 650 | _aUNFORESEEN GROUND CONDITIONS | ||
| 650 | _aWORKSOP TARMACADAM CO LTD V HANNABY | ||
| 690 | _aBUILT ENVIRONMENT-BUILDING CONTRACT FORMS | ||
| 942 | _n0 | ||
| 948 | _c04/03/1997 | ||
| 999 |
_c16408 _d16408 |
||